00598nam a2200157 a 450000100100000000500170001000800410002704000250006808200190009310000220011224500690013426000390020330000210024258601450026360000320040800003479120240306073910.0111019s1941 cu 000 0 spa d aDO-SdBNPbspacBNPHU a972.91bM378zm1 aMendez, Isidro M.10aMartí :bestudio crítico y biográfico /cM. Isidro Mendez. aLa Habana, Cuba :b[s. n.],c1941. a310 p. ;c24 cm. aObra premiada en el Concurso Literario Inter-americano de la Comisión Central Pro-Monumento a Martí celebrado en la Habana el año 193910aMartí, José,d1853-1895